<?xml version="1.0" encoding="UTF-8"?>
<record
    xmlns:xsi="http://www.w3.org/2001/XMLSchema-instance"
    xsi:schemaLocation="http://www.loc.gov/MARC21/slim http://www.loc.gov/standards/marcxml/schema/MARC21slim.xsd"
    xmlns="http://www.loc.gov/MARC21/slim">

  <leader>01664cam a2200433 a 4500</leader>
  <datafield tag="999" ind1=" " ind2=" ">
    <subfield code="c">1709</subfield>
    <subfield code="d">1709</subfield>
  </datafield>
  <controlfield tag="001">322786</controlfield>
  <controlfield tag="003">ALUPE UNIVERSITY</controlfield>
  <controlfield tag="005">20210629112651.0</controlfield>
  <controlfield tag="008">840604m19831984enka     b      1 0 eng d</controlfield>
  <datafield tag="010" ind1=" " ind2=" ">
    <subfield code="a">   83014501</subfield>
  </datafield>
  <datafield tag="020" ind1=" " ind2=" ">
    <subfield code="a">0713144246 (v. 1)</subfield>
    <subfield code="z">0713144254 (v. 2)</subfield>
    <subfield code="z">0713144262 (v. 3)</subfield>
    <subfield code="z">0713144270 (v. 4)</subfield>
    <subfield code="z">071314424 (v. 1)</subfield>
  </datafield>
  <datafield tag="035" ind1=" " ind2=" ">
    <subfield code="a">ocm09684228</subfield>
  </datafield>
  <datafield tag="040" ind1=" " ind2=" ">
    <subfield code="a">DLC</subfield>
    <subfield code="b">eng</subfield>
    <subfield code="c">ALUPE UNIVERSITY</subfield>
  </datafield>
  <datafield tag="049" ind1=" " ind2=" ">
    <subfield code="a">AEU</subfield>
  </datafield>
  <datafield tag="050" ind1="0" ind2="0">
    <subfield code="a">QR46</subfield>
    <subfield code="b">.T6 1983</subfield>
  </datafield>
  <datafield tag="060" ind1=" " ind2="0">
    <subfield code="a">QW 4 T675p</subfield>
  </datafield>
  <datafield tag="082" ind1="0" ind2=" ">
    <subfield code="a">616/.01</subfield>
    <subfield code="2">19</subfield>
  </datafield>
  <datafield tag="090" ind1="1" ind2=" ">
    <subfield code="a">QR 46 T67 1983</subfield>
    <subfield code="b">AEU</subfield>
  </datafield>
  <datafield tag="100" ind1="1" ind2=" ">
    <subfield code="a">Topley, W. W. C.</subfield>
    <subfield code="q">(William Whiteman Carlton),</subfield>
    <subfield code="d">1886-1944.</subfield>
  </datafield>
  <datafield tag="245" ind1="1" ind2="0">
    <subfield code="a">Topley and Wilson's Principles of bacteriology, virology, and immunity .</subfield>
  </datafield>
  <datafield tag="250" ind1=" " ind2=" ">
    <subfield code="a">7th ed. /</subfield>
    <subfield code="b">general editors, Sir Graham Wilson, Sir Ashley Miles, M.T. Parker.</subfield>
  </datafield>
  <datafield tag="260" ind1=" " ind2=" ">
    <subfield code="a">London :</subfield>
    <subfield code="b">Edward Arnold,</subfield>
    <subfield code="c">c1983-1984.</subfield>
  </datafield>
  <datafield tag="300" ind1=" " ind2=" ">
    <subfield code="a">4 v. :</subfield>
    <subfield code="b">ill. ;</subfield>
    <subfield code="c">26 cm.</subfield>
  </datafield>
  <datafield tag="336" ind1=" " ind2=" ">
    <subfield code="a">text</subfield>
    <subfield code="b">txt</subfield>
    <subfield code="2">rdacontent</subfield>
  </datafield>
  <datafield tag="337" ind1=" " ind2=" ">
    <subfield code="a">unmediated</subfield>
    <subfield code="b">n</subfield>
    <subfield code="2">rdamedia</subfield>
  </datafield>
  <datafield tag="338" ind1=" " ind2=" ">
    <subfield code="a">volume</subfield>
    <subfield code="b">nc</subfield>
    <subfield code="2">rdacarrier</subfield>
  </datafield>
  <datafield tag="500" ind1=" " ind2=" ">
    <subfield code="a">Previous editions under title: Topley and Wilson's Principles of bacteriology and immunity.</subfield>
  </datafield>
  <datafield tag="505" ind1="1" ind2=" ">
    <subfield code="a">v. 1.General microbiology and immunity -- v. 2. Systematic bacteriology.-- v. 3. Bacterial diseases. -- v. 4. Virology</subfield>
  </datafield>
  <datafield tag="650" ind1=" " ind2="0">
    <subfield code="a">Medical microbiology.</subfield>
  </datafield>
  <datafield tag="650" ind1=" " ind2="0">
    <subfield code="a">Immunology.</subfield>
  </datafield>
  <datafield tag="650" ind1=" " ind2="0">
    <subfield code="a">Bacteriology.</subfield>
  </datafield>
  <datafield tag="650" ind1=" " ind2="0">
    <subfield code="a">Virology.</subfield>
  </datafield>
  <datafield tag="700" ind1="1" ind2=" ">
    <subfield code="a">Wilson, Graham S.</subfield>
    <subfield code="q">(Graham Selby),</subfield>
    <subfield code="c">Sir,</subfield>
    <subfield code="d">1895-1987</subfield>
  </datafield>
  <datafield tag="700" ind1="1" ind2=" ">
    <subfield code="a">Miles, Ashley,</subfield>
    <subfield code="c">Sir,</subfield>
    <subfield code="d">1904-1988</subfield>
  </datafield>
  <datafield tag="700" ind1="1" ind2=" ">
    <subfield code="a">Parker, M. T.</subfield>
  </datafield>
  <datafield tag="740" ind1="0" ind2=" ">
    <subfield code="a">Principles of bacteriology, virology, and immunity.</subfield>
  </datafield>
  <datafield tag="740" ind1="0" ind2=" ">
    <subfield code="a">Principles of bacteriology and immunity.</subfield>
  </datafield>
  <datafield tag="942" ind1=" " ind2=" ">
    <subfield code="2">lcc</subfield>
    <subfield code="c">BK</subfield>
    <subfield code="n">PW</subfield>
  </datafield>
  <datafield tag="952" ind1=" " ind2=" ">
    <subfield code="0">0</subfield>
    <subfield code="1">0</subfield>
    <subfield code="2">lcc</subfield>
    <subfield code="4">0</subfield>
    <subfield code="7">0</subfield>
    <subfield code="a">MLIB</subfield>
    <subfield code="b">MLIB</subfield>
    <subfield code="c">OS</subfield>
    <subfield code="d">2021-06-29</subfield>
    <subfield code="l">1</subfield>
    <subfield code="o">QR46 .T6 1983 C1</subfield>
    <subfield code="p">28003799</subfield>
    <subfield code="r">2023-11-23</subfield>
    <subfield code="s">2023-11-09</subfield>
    <subfield code="t">1</subfield>
    <subfield code="w">2021-06-29</subfield>
    <subfield code="y">BK</subfield>
    <subfield code="z">PW</subfield>
  </datafield>
  <datafield tag="952" ind1=" " ind2=" ">
    <subfield code="0">0</subfield>
    <subfield code="1">0</subfield>
    <subfield code="2">lcc</subfield>
    <subfield code="4">0</subfield>
    <subfield code="7">0</subfield>
    <subfield code="a">MLIB</subfield>
    <subfield code="b">MLIB</subfield>
    <subfield code="c">OS</subfield>
    <subfield code="d">2022-03-25</subfield>
    <subfield code="e">DONATION FROM MOI UNIVERSITY</subfield>
    <subfield code="l">0</subfield>
    <subfield code="o">QR46 .T6 1983 C2</subfield>
    <subfield code="p">28007014</subfield>
    <subfield code="r">2022-03-25</subfield>
    <subfield code="t">2</subfield>
    <subfield code="w">2022-03-25</subfield>
    <subfield code="y">BK</subfield>
    <subfield code="z">MM</subfield>
  </datafield>
  <datafield tag="952" ind1=" " ind2=" ">
    <subfield code="0">0</subfield>
    <subfield code="1">0</subfield>
    <subfield code="2">lcc</subfield>
    <subfield code="4">0</subfield>
    <subfield code="7">0</subfield>
    <subfield code="a">MLIB</subfield>
    <subfield code="b">MLIB</subfield>
    <subfield code="c">OS</subfield>
    <subfield code="d">2022-03-29</subfield>
    <subfield code="e">DONATION FROM MOI UNIVERSITY</subfield>
    <subfield code="l">0</subfield>
    <subfield code="o">QR46 .T6 1983 C3</subfield>
    <subfield code="p">28011741</subfield>
    <subfield code="r">2022-03-29</subfield>
    <subfield code="t">3</subfield>
    <subfield code="w">2022-03-29</subfield>
    <subfield code="y">BK</subfield>
    <subfield code="z">DO</subfield>
  </datafield>
</record>
